000 00334nam a22001217a 4500
003 SGT
082 _a891.4309
_bA18P
100 _aपंत, कैलाश चंद्र
245 _aअक्षरा
260 _bराष्ट्रभाषा प्रचार समिति
_c2018
300 _a114
942 _2ddc
_cBK
999 _c31868
_d31868